| 000 | 00672nam a2200229Ia 4500 | ||
|---|---|---|---|
| 003 | OSt | ||
| 005 | 20221002054946.0 | ||
| 006 | a|||||r|||| 00| 0 | ||
| 007 | ta | ||
| 008 | 220930b |||||||| |||| 00| 0 eng d | ||
| 024 | _a71255 | ||
| 037 | _cReference Collections | ||
| 040 |
_aCRL _cCRL _beng |
||
| 041 |
_2eng _aeng |
||
| 082 | _aP273:4k, 111B5.1(RR) | ||
| 100 |
_aHoernle A.F.R. Co. _9576548 |
||
| 245 | 0 | _aComparative dictionary of the bihari language | |
| 260 | _c1885 | ||
| 700 |
_a Grierson G.A. Co. _9576549 |
||
| 942 |
_hP273:4k, 111B5.1(RR) _cref _2CC |
||
| 999 |
_c926354 _d926354 |
||